[Event "Parthenay op"]
[Site "Parthenay"]
[Date "1992.??.??"]
[Round "1"]
[White "Ikonnikov, Vyacheslav"]
[Black "Zawadski, Stephane"]
[Result "1-0"]
[WhiteElo "2505"]
[BlackElo "2235"]
[PlyCount "49"]
[EventDate "1992.07.??"]
[EventType "swiss"]
[EventRounds "9"]
[EventCountry "FRA"]
[SourceTitle "EXT 2002"]
[Source "ChessBase"]
[SourceDate "2001.11.25"]
[SourceVersion "1"]
[SourceVersionDate "2001.11.25"]
[SourceQuality "1"]

1. d4 d5 2. c4 c6 3. Nc3 Nf6 4. Nf3 dxc4 5. e4 b5 6. e5 Nd5 7. a4 e6 8. axb5 Nxc3 9. bxc3 cxb5 10. Ng5 Bb7 11. Qg4 Bd5 12. Be2 Nc6 13. Bf3 a5 14. 0-0 Ra7 15. Ne4 f5 16. exf6 gxf6 17. Re1 Rg7 18. Qh5+ Kd7 19. Bh6 Rgg8 20. Bxf8 Rxf8 21. Nc5+ Kc8 22. Nxe6 Bxf3 23. Qxf3 Qd6 24. Nxf8 Rxf8 25. Qf5+ 1-0